000
00250nam a2200097Ia 4500
008
120527s9999 xx 000 0 und d
100
_a
Rebecca, B.Rubin. Et al
245
_a
Communication research strategies
260
_b
Educational pub.
942
_c
BK
999
_c
25415
_d
25415